000 01122nam a2200301 i 4500
001 000048677
003 DO-SdBNP
005 20260327132501.0
007 ta
008 190408s2016 dr ac 000 0 spa d
020 _a9789945167474
040 _aDO-SdBNP
_bspa
_cBNPHU
_erda
041 _aspa
082 4 _axxx
_bxxx
_222
100 1 _aMorrison, Heriberto
_eautor
_4aut.
_96495
245 1 0 _aPolítica deportiva pública y asociacionismo en la República Dominicana /
_cHeriberto Morrison ; edición, Luisa Rodríguez, Bienvenido Carmona ; prólogo, Neftalí Ventura
264 1 _aSanto Domingo :
_bEditora Búho,
_c2016.
300 _a246 páginas :
_bilustraciones, retratos ;
_c24 cm.
336 _atexto
_btxt
_2rdacontent
337 _asin mediación
_bn
_2rdamedia
338 _avolumen
_bnc
_2rdacarrier
500 _aIncluye datos biográficos del autor en la solapa de la cubierta
590 _aInventariado, 2019/VM
700 _aRodríguez, Luisa,
_eeditor
_4ed.
_976256
700 1 _aCarmona, Bienvenido,
_eeditor
_4ed.
_976257
700 1 _aVentura, Neftalí,
_eprologuista
_4pr.
_989274
942 _2ddc
_cLBS1
999 _c48165
_d48165